01606cam a22003737a 450000100090000000300090000900500170001800800410003501000170007602000180009302000150011103500240012604000300015004200140018005000210019405000220021508200250023711100930026224502840035526000360063930000350067549000350071050000360074550200060078150400510078765000260083865000580086470000330092270000280095571000300098383000360101385600910104985600920114016847592USPCAS-E20180118181417.0110628s2010 njua b 101 0 eng d a 2011282763 a9780470905470 a0470905476 a(OCoLC)ocn659573136 aCAIcCAIdYDXCPdCUVdDLC alccopycat00aTP786b.P33 200914aTP785 C415 v. 217 222a620.14bCER 20102 aPacific Rim Conference on Ceramic and Glass Technologyn(8th :d2009 :cVancouver, B.C.)10aCeramics for environmental and energy applications :ba collection of papers presented at the 8th Pacific Rim Conference on Ceramic and Glass Technology, May 31-June 5, 2009, Vancouver, British Columbia /cedited by Aldo Boccaccini ... [et al.] ; volume editor, Mrityunjay Singh. aHoboken, N.J. :bWiley,cc2010. axiii, 172 p. :bill. ;c25 cm.1 aCeramic transactions ;vv. 217 a"The American Ceramic Society." a. aIncludes bibliographical references and index. 0aCeramicsvCongresses. 0aCeramic materialsxEnvironmental aspectsvCongresses.1 aBoccaccini, A. R.q(Aldo R.)1 aSingh, M.q(Mrityunjay)2 aAmerican Ceramic Society. 0aCeramic transactions ;vv. 217.423Publisher descriptionuhttp://www.loc.gov/catdir/enhancements/fy1114/2011282763-d.html413Table of contents onlyuhttp://www.loc.gov/catdir/enhancements/fy1114/2011282763-t.html